| 000 | 00367nam a22001577a 4500 | ||
|---|---|---|---|
| 005 | 20161024105513.0 | ||
| 008 | 161024b xxu||||| |||| 00| 0 eng d | ||
| 020 | _a978-81-7138-283-5 | ||
| 041 | _aeng | ||
| 100 |
_aPATHAK,RAGHVENDRA _93669 |
||
| 245 | _aKHABAR PER NAZAR | ||
| 260 | _bSAMAIK | ||
| 300 | _a255 | ||
| 650 |
_aMASS COM @JOURNALISM _93631 |
||
| 942 | _cBK | ||
| 999 |
_c5313 _d5311 |
||